Trees and toadstools : by M. C. Rayner, D.SC.

Bibliographic Details
Main Author: Rayner, Mabel Cheveley
Format: Book
Language:English
Published: London : Faber and Faber, [1945]
Subjects:

MARC

Tag First Indicator Second Indicator Subfields
LEADER 00000cam a2200000 4500
001 in00000047404
005 20151007071451.0
008 750708r1945 enkaf 00010 eng u
010 |a  45020678  
035 |a (OCoLC)01433815 
035 |9 AAE6026AM 
040 |c ORL  |d TXA  |d UtOrBLW 
049 |a TXAM  |c [134935] 
050 0 0 |a QK604  |b .R3 
082 0 |a 589.222 
092 |a 589.222  |b R276t 
100 1 |a Rayner, Mabel Cheveley. 
245 1 0 |a Trees and toadstools :  |b by M. C. Rayner, D.SC. 
264 1 |a London :  |b Faber and Faber,  |c [1945] 
300 |a 71 pages :  |b 18 plates on 9 ., diagram ;  |c 21 cm. 
336 |a text  |b txt  |2 rdacontent 
337 |a unmediated  |b n  |2 rdamedia 
338 |a volume  |b nc  |2 rdacarrier 
500 |a "First published in Mcmxiv." 
650 0 |a Fungi. 
650 0 |a Soil microbiology. 
650 0 |a Trees. 
999 |a MARS 
999 f f |s 8dca55ae-efb2-3895-8d46-42e8bf8fc6a0  |i e23459b0-a13d-3410-804c-24db4a1f5dbc  |t 0 
952 f f |p ric  |a Texas A&M University  |b Rellis Campus  |c Joint Library Facility  |d Remote Storage  |t 0  |e QK604 .R3  |h Library of Congress classification  |i unmediated -- volume  |m A14801000199 
998 f f |a QK604 .R3  |t 0  |l Remote Storage